Bleach - Sternritters (noms) - Statistiques

Statistiques générales
  • Ce quiz a été pris 181 fois
  • Le résultat moyen est 11 sur 27
Statistiques - réponses
Lettre Nom Pouvoir % Correct
A Uryu Ishida "The Antithesis"
92%
A Yhwach "The Almighty"
82%
H Bazz-B "The Heat"
70%
F Äs Nödt "The Fear"
64%
M Gerard Valkyrie "The Miracle"
56%
D Askin Nakk Le Vaar "The Death Dealing"
55%
X Lille Barro "The X-Axis"
55%
B Jugram Haschwalth "The Balance"
47%
V Gremmy Thoumeaux "The Visionnary"
46%
S Mask De Masculine "The Superstar"
43%
E Bambietta Basterbine "The Explode"
42%
J Quilge Opie "The Jail"
42%
I Cang Du "The Iron"
41%
Y Loyd et Royd Lloyd "The Yourself"
37%
K BG9 Inconnu mais peut-être "The Knowledge"
36%
Z Giselle Gewelle "The Zombie"
30%
P Meninas McAllon "The Power"
30%
T Candice Catnipp "The Thunderbolt"
26%
G Liltotto Lamperd "The Glutton"
24%
O Driscoll Berci "The Overkill"
23%
L Pépé Waccabrada "The Love"
23%
C Pernida Parnkgjas "The Compulsory"
23%
N Robert Accutrone Inconnu
23%
Q Berenice Gabrielli "The Question"
17%
W Nianzol Weizol "The Wind"
17%
R Jerome Guizbatt "The Roar"
15%
U NaNaNa Najakoop "The Underbelly"
14%
Aucun quiz correspondant
Distribution des résultats
% des personnes avec chaque résultat
Percentile par nombre de réponses
Votre historique - résultats
Vous n’avez pas pris ce quiz